000 00384nam a2200133Ia 4500
005 20260326235458.0
008 260326s9999||||xx |||||||||||||| ||und||
100 _aBarreneche Ramos, Gabriel
245 0 _aLuz y Espacio en la Arquitectura /
_cGabriel Barreneche Ramos
260 _bUniversidad Nacional de Colombia
300 _a125 p.
650 _aARQUITECTURA INTERIOR
942 _cBK
999 _c7998
_d7998